00588nam a2200217Ia 450000500170000000800410001702000150005808200130007310000130008624500220009926000390012130000160016065000160017665000210019265000150021365000140022865000120024294200060025495200950026099900150035520250110011842.0240331s9999 xx 000 0 und d a0415000580 bGEAa943 aGeary, D 0aHitler and Nazism aLondon & New YorkbRoutledgec1993 axi, 82 p ., aNationalism aGermany Politics aGovernment aSocialism aHistory cL 001040708LaWERCLbWERCLcSSCd2024-03-31l0o 943 GEAp3951r2024-03-31w2024-03-31yL c3448d3448